How many times can you type Hi - Statistics

General Stats
  • This quiz has been taken 1,047 times
  • The average score is 90 of 95
Answer Stats
HI!!! HI!!! % Correct
HI!!! hi
100%
hi
100%
hi
100%
hi
100%
hi
99%
hi
99%
hi
98%
hi
98%
hi
98%
hi
98%
hi
98%
hi
97%
hi
97%
hi
97%
hi
97%
hi
97%
hi
97%
hi
97%
hi
97%
hi
97%
hi
97%
hi
97%
hi
97%
hi
97%
hi
97%
hi
97%
hi
97%
hi
97%
hi
97%
hi
97%
hi
97%
hi
97%
hi
97%
hi
97%
hi
97%
hi
97%
hi
96%
hi
96%
hi
96%
hi
96%
hi
96%
hi
96%
hi
96%
hi
95%
hi
95%
hi
95%
hi
95%
hi
95%
hi
95%
hi
95%
hi
95%
hi
95%
hi
95%
hi
95%
hi
95%
hi
95%
hi
95%
hi
95%
hi
94%
hi
94%
hi
94%
hi
94%
hi
94%
hi
93%
hi
93%
hi
93%
hi
92%
hi
92%
hi
92%
hi
92%
hi
92%
hi
92%
hi
91%
hi
91%
hi
91%
hi
91%
hi
90%
hi
90%
hi
90%
hi
89%
hi
89%
hi
89%
hi
89%
hi
89%
hi
89%
hi
89%
hi
89%
hi
88%
hi
88%
hi
88%
hi
88%
hi
88%
hi
88%
hi
88%
hi
87%
No matching quizzes found
Score Distribution
Percent of People with Each Score
Percentile by Number Answered
Your Score History
You have not taken this quiz